Nanotechnology for the energy challenge / (Record no. 355333)

000 -LEADER
fixed length control field 01736cam a2200457 a 4500
001 - CONTROL NUMBER
control field 17021698
003 - CONTROL NUMBER IDENTIFIER
control field Nust- CAS-E
005 - DATE AND TIME OF LATEST TRANSACTION
control field 20180118181358.0
008 - FIXED-LENGTH DATA ELEMENTS--GENERAL INFORMATION
fixed length control field 111026s2010 gw a b 001 0 eng c
010 ## - LIBRARY OF CONGRESS CONTROL NUMBER
LC control number 2011499420
015 ## - NATIONAL BIBLIOGRAPHY NUMBER
National bibliography number GBA997808
Source bnb
015 ## - NATIONAL BIBLIOGRAPHY NUMBER
National bibliography number 09,N33,0762
Source dnb
016 7# - NATIONAL BIBLIOGRAPHIC AGENCY CONTROL NUMBER
Record control number 015386368
Source Uk
020 ## - INTERNATIONAL STANDARD BOOK NUMBER
International Standard Book Number 9783527324019
020 ## - INTERNATIONAL STANDARD BOOK NUMBER
International Standard Book Number 3527324011
028 52 - PUBLISHER NUMBER
Publisher number 1132401 000
035 ## - SYSTEM CONTROL NUMBER
System control number (OCoLC)ocn455830553
040 ## - CATALOGING SOURCE
Original cataloging agency UKM
Language of cataloging eng
Transcribing agency UKM
Modifying agency YDXCP
-- BWX
-- TXA
-- DEBBG
-- BTCTA
-- OCL
-- NDD
-- OCL
-- OHX
-- CDX
-- DLC
042 ## - AUTHENTICATION CODE
Authentication code pcc
-- ukblcatcopy
050 00 - LIBRARY OF CONGRESS CALL NUMBER
Classification number TJ163.2
Item number .N365 2010
082 ## - DEWEY DECIMAL CLASSIFICATION NUMBER
Classification number 621.042
Author Mark NAN 2010
084 ## - OTHER CLASSIFICATION NUMBER
Classification number 620
Number source sdnb
084 ## - OTHER CLASSIFICATION NUMBER
Classification number 660
Number source sdnb
084 ## - OTHER CLASSIFICATION NUMBER
Classification number VE 9850
Number source rvk
084 ## - OTHER CLASSIFICATION NUMBER
Classification number ZN 3700
Number source rvk
084 ## - OTHER CLASSIFICATION NUMBER
Classification number ZP 3705
Number source rvk
245 00 - TITLE STATEMENT
Title Nanotechnology for the energy challenge /
Statement of responsibility, etc. edited by Javier Garcia-Martinez ; [with a foreword by Ernest J. Moniz].
260 ## - PUBLICATION, DISTRIBUTION, ETC.
Place of publication, distribution, etc. Weinheim :
Name of publisher, distributor, etc. Wiley-VCH,
Date of publication, distribution, etc. c2010.
300 ## - PHYSICAL DESCRIPTION
Extent xx, 477 p. :
Other physical details ill. (some col.) ;
Dimensions 25 cm.
504 ## - BIBLIOGRAPHY, ETC. NOTE
Bibliography, etc. note Includes bibliographical references and index.
650 #0 - SUBJECT ADDED ENTRY--TOPICAL TERM
Topical term or geographic name entry element Energy development
General subdivision Materials.
650 #0 - SUBJECT ADDED ENTRY--TOPICAL TERM
Topical term or geographic name entry element Nanostructured materials.
650 07 - SUBJECT ADDED ENTRY--TOPICAL TERM
Topical term or geographic name entry element Energietechnik.
Source of heading or term swd
650 07 - SUBJECT ADDED ENTRY--TOPICAL TERM
Topical term or geographic name entry element Nanostrukturiertes Material.
Source of heading or term swd
700 1# - ADDED ENTRY--PERSONAL NAME
Personal name Garcia-Martinez, Javier.
856 41 - ELECTRONIC LOCATION AND ACCESS
Materials specified Table of contents
Uniform Resource Identifier <a href="http://bvbr.bib-bvb.de:8991/F?func=service&doc_library=BVB01&doc_number=018661789&line_number=0001&func_code=DB_RECORDS&service_type=MEDIA">http://bvbr.bib-bvb.de:8991/F?func=service&doc_library=BVB01&doc_number=018661789&line_number=0001&func_code=DB_RECORDS&service_type=MEDIA</a>
856 42 - ELECTRONIC LOCATION AND ACCESS
Electronic format type text/html
Uniform Resource Identifier <a href="http://deposit.d-nb.de/cgi-bin/dokserv?id=3339674&prov=M&dok_var=1&dok_ext=htm">http://deposit.d-nb.de/cgi-bin/dokserv?id=3339674&prov=M&dok_var=1&dok_ext=htm</a>
Materials specified Inhaltstext
906 ## - LOCAL DATA ELEMENT F, LDF (RLIN)
a 7
b cbc
c pccadap
d 2
e ncip
f 20
g y-gencatlg
942 ## - ADDED ENTRY ELEMENTS (KOHA)
Source of classification or shelving scheme
Koha item type Book
Holdings
Withdrawn status Lost status Source of classification or shelving scheme Damaged status Not for loan Collection code Permanent Location Current Location Shelving location Date acquired Source of acquisition Total Checkouts Full call number Barcode Date last seen Cost, replacement price Price effective from Koha item type
            US-Pakistan Center for Advanced Studies in Energy (USPCAS-E) US-Pakistan Center for Advanced Studies in Energy (USPCAS-E) General Stacks 04/17/2013 Victoria co   621.042 NAN 2010 CAS-E0000215 04/17/2014 21947.00 04/17/2014 Book
© 2023 Central Library, National University of Sciences and Technology. All Rights Reserved.